[Event "Titled Tuesday intern op 30th Apr Early"]
[Site "Chess.com INT"]
[Date "2024.04.30"]
[Round "10"]
[White "Barria Zuniga, Daniel"]
[Black "Zheenbekov, Nurgazi"]
[Result "1-0"]
[WhiteElo "2341"]
[BlackElo "2093"]
[PlyCount "51"]
[EventDate "2024.04.30"]
[EventType "swiss (blitz)"]
[EventRounds "11"]
[EventCountry "USA"]
[SourceTitle "CB19_2024"]
[SourceDate "2024.05.08"]
[SourceVersion "1"]
[SourceVersionDate "2024.05.08"]
[SourceQuality "1"]

1. d4 d5 2. c4 c6 3. Nf3 Nf6 4. Nc3 dxc4 5. a4 Bf5 6. e3 e6 7. Bxc4 Bb4 8. 0-0 Nbd7 9. Nh4 Bg4 10. f3 Bh5 11. g4 Bg6 12. f4 Nd5 13. Ng2 Bxc3 14. bxc3 Nxc3 15. Qb3 Ne4 16. f5 exf5 17. gxf5 Bh5 18. Nf4 Qg5+ 19. Kh1 0-0 20. Ba3 Ndf6 21. Bxf8 Rxf8 22. Ra2 Qxf5 23. Rg2 Qa5 24. Qxb7 Nd2 25. Nxh5 Nxh5 26. Rxf7 1-0

[Event "Titled Tuesday intern op 30th Apr Early"]
[Site "Chess.com INT"]
[Date "2024.04.30"]
[Round "9"]
[White "Zheenbekov, Nurgazi"]
[Black "Demina, Marya"]
[Result "1-0"]
[WhiteElo "2093"]
[BlackElo "1962"]
[PlyCount "93"]
[EventDate "2024.04.30"]
[EventType "swiss (blitz)"]
[EventRounds "11"]
[EventCountry "USA"]
[SourceTitle "CB19_2024"]
[SourceDate "2024.05.08"]
[SourceVersion "1"]
[SourceVersionDate "2024.05.08"]
[SourceQuality "1"]

1. Nf3 c5 2. g3 Nc6 3. Bg2 g6 4. 0-0 Bg7 5. d3 Nf6 6. e4 0-0 7. Re1 d6 8. h3 h6 9. Nc3 Be6 10. Be3 Rc8 11. Qd2 Kh7 12. d4 cxd4 13. Nxd4 Nxd4 14. Bxd4 Qd7 15. Kh2 b6 16. Nd5 Ne8 17. Bxg7 Nxg7 18. b3 b5 19. a4 Bxd5 20. exd5 Rc7 21. axb5 Qxb5 22. Bf1 Qb6 23. Bc4 Nf5 24. Re4 Qc5 25. Kg2 Rfc8 26. h4 Ng7 27. Rae1 Nf5 28. h5 Rg8 29. hxg6+ fxg6 30. Kh3 Rg7 31. g4 Qb6 32. gxf5 gxf5 33. Re6 Qb8 34. Qxh6+ Kg8 35. Rg6 Qf8 36. Rxg7+ Qxg7 37. Qxg7+ Kxg7 38. Kg3 Kf6 39. Kf4 Rc8 40. Re6+ Kf7 41. Kxf5 Rh8 42. Re1 Rh5+ 43. Kf4 Rh2 44. Kg3 Rh6 45. Ra1 Rg6+ 46. Kf3 Rf6+ 47. Ke3 1-0

[Event "Titled Tuesday intern op 30th Apr Early"]
[Site "Chess.com INT"]
[Date "2024.04.30"]
[Round "6"]
[White "Zheenbekov, Nurgazi"]
[Black "Djokic, Mihailo"]
[Result "0-1"]
[WhiteElo "2093"]
[BlackElo "2139"]
[PlyCount "52"]
[EventDate "2024.04.30"]
[EventType "swiss (blitz)"]
[EventRounds "11"]
[EventCountry "USA"]
[SourceTitle "CB19_2024"]
[SourceDate "2024.05.08"]
[SourceVersion "1"]
[SourceVersionDate "2024.05.08"]
[SourceQuality "1"]

1. Nf3 Nf6 2. g3 e6 3. Bg2 d5 4. 0-0 Be7 5. d3 0-0 6. Nbd2 b6 7. b3 Bb7 8. Bb2 c5 9. a4 Nbd7 10. Ne5 Bd6 11. f4 Bxe5 12. fxe5 Ng4 13. Rf4 Ne3 14. Qc1 Nxg2 15. Kxg2 d4+ 16. Kg1 Nxe5 17. c4 a5 18. h3 Ng6 19. Rf2 f5 20. Nf3 e5 21. Ng5 Qd7 22. h4 Qc6 23. Kh2 e4 24. Qf1 e3 25. Rf3 Ne5 26. Qh3 h6 0-1

[Event "Titled Tuesday intern op 30th Apr Early"]
[Site "Chess.com INT"]
[Date "2024.04.30"]
[Round "1"]
[White "Zheenbekov, Nurgazi"]
[Black "Kosteniuk, Alexandra"]
[Result "0-1"]
[WhiteElo "2093"]
[BlackElo "2501"]
[PlyCount "38"]
[EventDate "2024.04.30"]
[EventType "swiss (blitz)"]
[EventRounds "11"]
[EventCountry "USA"]
[SourceTitle "CB19_2024"]
[SourceDate "2024.05.08"]
[SourceVersion "1"]
[SourceVersionDate "2024.05.08"]
[SourceQuality "1"]

1. e4 c6 2. d4 d5 3. exd5 cxd5 4. Bd3 Nc6 5. c3 g6 6. h3 Bf5 7. Be2 Qc7 8. Nf3 Nf6 9. 0-0 e6 10. a4 h6 11. Na3 a6 12. Nc2 g5 13. Ne3 Bg6 14. Nh2 h5 15. c4 Bd6 16. Nf3 g4 17. Nh4 Be4 18. cxd5 Nxd5 19. Nxd5 Bxd5 0-1

[Event "Titled Tuesday intern op 12th Mar Early"]
[Site "Chess.com INT"]
[Date "2024.03.12"]
[Round "2"]
[White "Csonka, Balazs"]
[Black "Zheenbekov, Nurgazi"]
[Result "1-0"]
[WhiteElo "2491"]
[BlackElo "2091"]
[PlyCount "63"]
[EventDate "2024.03.12"]
[EventType "swiss (blitz)"]
[EventRounds "11"]
[EventCountry "USA"]
[SourceTitle "CB12_2024"]
[SourceDate "2023.10.01"]
[SourceVersion "1"]
[SourceVersionDate "2023.10.01"]
[SourceQuality "1"]

1. e4 d6 2. d4 g6 3. Nc3 Bg7 4. f4 c6 5. Nf3 d5 6. e5 Nh6 7. Bd3 0-0 8. 0-0 f6 9. Ne2 Na6 10. c3 c5 11. a3 b6 12. h3 Nc7 13. g4 Ba6 14. Bxa6 Nxa6 15. Ng3 fxe5 16. fxe5 Nf7 17. Kg2 Nb8 18. Be3 cxd4 19. cxd4 Nc6 20. Rc1 Rc8 21. Ne2 Qd7 22. Nf4 Nfd8 23. Ng5 e6 24. Qd3 Bh6 25. h4 Bxg5 26. hxg5 Qe7 27. Nxg6 hxg6 28. Qxg6+ Qg7 29. Rxf8+ Kxf8 30. Rf1+ Kg8 31. Qe8+ Kh7 32. Rh1+ 1-0

[Event "Titled Tuesday intern op 13th Feb Early"]
[Site "Chess.com INT"]
[Date "2024.02.13"]
[Round "4"]
[White "Koshulyan, Egor A"]
[Black "Zheenbekov, Nurgazi"]
[Result "1-0"]
[WhiteElo "2136"]
[BlackElo "2137"]
[PlyCount "77"]
[EventDate "2024.02.13"]
[EventType "swiss (blitz)"]
[EventRounds "11"]
[EventCountry "USA"]
[SourceTitle "CB08_2024"]
[SourceDate "2024.02.21"]
[SourceVersion "1"]
[SourceVersionDate "2024.02.21"]
[SourceQuality "1"]

1. e4 c6 2. d4 d5 3. e5 Bf5 4. Nf3 e6 5. Be2 Nd7 6. 0-0 h6 7. a4 Ne7 8. a5 a6 9. Nbd2 c5 10. c4 Nc6 11. cxd5 exd5 12. dxc5 Nxc5 13. Nb3 Nxb3 14. Qxb3 Bb4 15. Bd2 Bxd2 16. Nxd2 Nxa5 17. Qb4 b6 18. Rfc1 Be6 19. Bxa6 Rxa6 20. Qb5+ Kf8 21. Qxa6 Kg8 22. b4 Nc4 23. Nxc4 dxc4 24. Qb7 Kh7 25. Rd1 Qg5 26. Rac1 Rd8 27. Qe4+ g6 28. f4 Qe7 29. f5 gxf5 30. Qe1 b5 31. Qc3 Qa7+ 32. Kh1 Rxd1+ 33. Rxd1 Qf2 34. h3 Qf4 35. Rd8 Qf1+ 36. Kh2 Qf4+ 37. Qg3 Qg5 38. Rb8 Qd2 39. Qg8# 1-0

[Event "Titled Tuesday intern op 06th Feb Early"]
[Site "Chess.com INT"]
[Date "2024.02.06"]
[Round "6"]
[White "Rozman, Levy"]
[Black "Zheenbekov, Nurgazi"]
[Result "1-0"]
[WhiteElo "2322"]
[BlackElo "2137"]
[PlyCount "77"]
[EventDate "2024.02.06"]
[EventType "swiss (blitz)"]
[EventRounds "11"]
[EventCountry "USA"]
[SourceTitle "CB07_2024"]
[SourceDate "2024.02.14"]
[SourceVersion "1"]
[SourceVersionDate "2024.02.14"]
[SourceQuality "1"]

1. e4 c6 2. d4 d5 3. Nc3 dxe4 4. Nxe4 Nf6 5. Ng5 Bf5 6. N1f3 Nbd7 7. Bd3 Bxd3 8. Qxd3 e6 9. 0-0 Bd6 10. Nxf7 Kxf7 11. Ng5+ Ke7 12. Re1 Nf8 13. c4 h6 14. Qh3 hxg5 15. Qxh8 Kf7 16. Bxg5 Ng6 17. Qh3 Qd7 18. Bxf6 Rh8 19. Qf3 gxf6 20. g3 Bb4 21. Red1 f5 22. Rd3 Ba5 23. Rad1 Bb6 24. b4 a6 25. a4 Rh7 26. a5 Ba7 27. Qe2 Qc8 28. d5 cxd5 29. cxd5 e5 30. d6 Qd7 31. Qa2+ Kf8 32. Rc3 Bb8 33. Qd5 f4 34. Rdc1 Qxd6 35. Rc8+ Ke7 36. Qg8 Rf7 37. Rxb8 fxg3 38. hxg3 Qd2 39. Rc7+ 1-0

[Event "Titled Tuesday intern op 19th Sep Early"]
[Site "Chess.com INT"]
[Date "2023.09.19"]
[Round "11"]
[White "Zheenbekov, Nurgazi"]
[Black "Akhmetov, Ayan"]
[Result "0-1"]
[WhiteElo "2060"]
[BlackElo "2409"]
[PlyCount "86"]
[EventDate "2023.09.19"]
[EventType "swiss (blitz)"]
[EventRounds "11"]
[EventCountry "USA"]
[SourceTitle "EXT 2024"]
[Source "ChessBase"]
[SourceDate "2023.10.10"]
[SourceVersion "1"]
[SourceVersionDate "2023.10.10"]
[SourceQuality "1"]

1. e4 c5 2. Nf3 d6 3. Bb5+ Nd7 4. a4 a6 5. Bc4 Ngf6 6. d3 e5 7. a5 h6 8. Nc3 g6 9. 0-0 Bg7 10. h3 0-0 11. Nh2 Nh5 12. Nd5 b5 13. axb6 Nxb6 14. Nxb6 Qxb6 15. Ng4 Kh7 16. Ne3 Be6 17. Nd5 Bxd5 18. Bxd5 Nf4 19. Bxa8 Rxa8 20. h4 Ne6 21. c3 Rf8 22. f4 exf4 23. Bxf4 Nxf4 24. Rxf4 Qxb2 25. Rxa6 Qxc3 26. h5 g5 27. Rf5 Qd4+ 28. Kh1 c4 29. Rd5 Qe3 30. dxc4 Qxe4 31. Qd3 Re8 32. Rdxd6 Qxd3 33. Rxd3 Re1+ 34. Kh2 Be5+ 35. Kh3 Re4 36. g3 Rxc4 37. Rf3 Rc7 38. Kg4 Kg7 39. Kf5 Bd4 40. Ra5 Re7 41. Rb5 Ba1 42. g4 Re1 43. Rb7 Re5# 0-1

[Event "Titled Tuesday intern op 19th Sep Early"]
[Site "Chess.com INT"]
[Date "2023.09.19"]
[Round "3"]
[White "Zheenbekov, Nurgazi"]
[Black "Apoorv, Kamble"]
[Result "1-0"]
[WhiteElo "2060"]
[BlackElo "2201"]
[PlyCount "97"]
[EventDate "2023.09.19"]
[EventType "swiss (blitz)"]
[EventRounds "11"]
[EventCountry "USA"]
[SourceTitle "EXT 2024"]
[Source "ChessBase"]
[SourceDate "2023.10.10"]
[SourceVersion "1"]
[SourceVersionDate "2023.10.10"]
[SourceQuality "1"]

1. e4 c5 2. Nf3 d6 3. Bb5+ Bd7 4. Bxd7+ Qxd7 5. 0-0 Nf6 6. Qe2 Nc6 7. c3 e6 8. d4 cxd4 9. cxd4 d5 10. e5 Ne4 11. Be3 Be7 12. Rd1 0-0 13. Ne1 f5 14. f3 Ng5 15. Nc3 h6 16. Nd3 Kh7 17. Rab1 Rac8 18. Rdc1 b6 19. b4 f4 20. Bf2 Rf5 21. a3 h5 22. Qd2 Rcf8 23. Nb5 Nxe5 24. Nxe5 Qxb5 25. Rc7 Bd6 26. Rxa7 Rc8 27. Rc1 Rxc1+ 28. Qxc1 Qe2 29. h4 Bxe5 30. dxe5 Nf7 31. Bd4 Qd3 32. Qc3 Qd1+ 33. Kh2 Kh6 34. a4 Qe2 35. a5 g5 36. Qb2 Qe1 37. hxg5+ Nxg5 38. Qf2 Qxb4 39. axb6 Rf8 40. b7 Rg8 41. Ra8 Kh7 42. Rxg8 Kxg8 43. Qh4 Nf7 44. Qxh5 Qxb7 45. Qg6+ Kf8 46. Qxe6 Kg7 47. Qf6+ Kg8 48. e6 Nd6 49. Qh8# 1-0

[Event "Titled Tuesday intern op 19th Sep Early"]
[Site "Chess.com INT"]
[Date "2023.09.19"]
[Round "8"]
[White "Zheenbekov, Nurgazi"]
[Black "Iskusnyh, Sergei"]
[Result "1-0"]
[WhiteElo "2060"]
[BlackElo "2440"]
[PlyCount "67"]
[EventDate "2023.09.19"]
[EventType "swiss (blitz)"]
[EventRounds "11"]
[EventCountry "USA"]
[SourceTitle "EXT 2024"]
[Source "ChessBase"]
[SourceDate "2023.10.10"]
[SourceVersion "1"]
[SourceVersionDate "2023.10.10"]
[SourceQuality "1"]

1. e4 e6 2. d4 d5 3. Nc3 Nf6 4. Bg5 dxe4 5. Nxe4 Nbd7 6. Nf3 h6 7. Nxf6+ Nxf6 8. Be3 Bd6 9. Bd3 0-0 10. 0-0 b6 11. c4 Bb7 12. Qe2 c5 13. dxc5 bxc5 14. Rad1 Qc7 15. h3 Rad8 16. Rfe1 Bf4 17. Bxf4 Qxf4 18. Ne5 Qg5 19. g3 Nd7 20. Nxd7 Rxd7 21. Bh7+ Kxh7 22. Rxd7 Ba8 23. h4 Qf6 24. Rxa7 Bf3 25. Qe5 Qg6 26. Qf4 Bc6 27. Rc7 Ba8 28. Rxc5 f5 29. Rc7 Rf6 30. Qe5 Bf3 31. Re3 Ba8 32. Ra3 Be4 33. Raa7 f4 34. Rxg7+ 1-0

[Event "Titled Tuesday intern op 12th Sep Early"]
[Site "Chess.com INT"]
[Date "2023.09.12"]
[Round "5"]
[White "Pinheiro, Iung Alicio"]
[Black "Zheenbekov, Nurgazi"]
[Result "1-0"]
[WhiteElo "2306"]
[BlackElo "2060"]
[PlyCount "71"]
[EventDate "2023.09.12"]
[EventType "swiss (blitz)"]
[EventRounds "11"]
[EventCountry "USA"]
[SourceTitle "EXT 2024"]
[Source "ChessBase"]
[SourceDate "2023.10.10"]
[SourceVersion "1"]
[SourceVersionDate "2023.10.10"]
[SourceQuality "1"]

1. e4 e5 2. Nf3 Nc6 3. Bc4 Nf6 4. Ng5 d5 5. exd5 Na5 6. Bb5+ c6 7. dxc6 bxc6 8. Be2 h6 9. Nh3 Bd6 10. d3 0-0 11. 0-0 c5 12. Kh1 Rb8 13. Ng1 Qc7 14. Nf3 e4 15. dxe4 Nxe4 16. Nbd2 Nf6 17. b3 Rd8 18. Bb2 Nd5 19. Re1 Bf5 20. Bf1 Nb4 21. Ne4 Bxh2 22. Qe2 Re8 23. Nf6+ gxf6 24. Qxe8+ Rxe8 25. Rxe8+ Kg7 26. Nxh2 Nxc2 27. Rd1 Nc6 28. Nf3 Bg4 29. Be2 Bxf3 30. Bxf3 N2d4 31. Rde1 Nxf3 32. gxf3 Qf4 33. Kg2 Nb4 34. R1e4 Qd2 35. Rg4+ Kh7 36. Bxf6 1-0

[Event "Titled Tuesday intern op 12th Sep Early"]
[Site "Chess.com INT"]
[Date "2023.09.12"]
[Round "6"]
[White "Ronka, Erik"]
[Black "Zheenbekov, Nurgazi"]
[Result "1/2-1/2"]
[WhiteElo "2297"]
[BlackElo "2060"]
[PlyCount "170"]
[EventDate "2023.09.12"]
[EventType "swiss (blitz)"]
[EventRounds "11"]
[EventCountry "USA"]
[SourceTitle "EXT 2024"]
[Source "ChessBase"]
[SourceDate "2023.10.10"]
[SourceVersion "1"]
[SourceVersionDate "2023.10.10"]
[SourceQuality "1"]

1. e4 e5 2. Nf3 Nc6 3. Nc3 Nf6 4. d4 exd4 5. Nxd4 Bb4 6. Nxc6 bxc6 7. Bd3 d5 8. exd5 cxd5 9. 0-0 0-0 10. h3 c6 11. Qf3 h6 12. Bf4 Be6 13. Na4 Bd6 14. a3 a5 15. Rfe1 c5 16. Rad1 Bxf4 17. Qxf4 Rc8 18. Bf5 Bxf5 19. Qxf5 Re8 20. Rxe8+ Qxe8 21. Nb6 Rd8 22. Nxd5 Nxd5 23. Rxd5 Qe1+ 24. Kh2 Rxd5 25. Qxd5 Qxf2 26. Qe4 g6 27. b3 h5 28. c3 h4 29. b4 Qg3+ 30. Kg1 Qxc3 31. Qa8+ Kg7 32. Qxa5 Qe1+ 33. Kh2 c4 34. Qc5 Qg3+ 35. Kg1 c3 36. b5 Qe1+ 37. Kh2 Qd2 38. b6 c2 39. Qe5+ Kh7 40. b7 Qd3 41. b8Q Qg3+ 42. Qxg3 hxg3+ 43. Qxg3 c1Q 44. Qh4+ Kg7 45. Qd4+ Kg8 46. a4 Qc7+ 47. Kg1 Qc1+ 48. Kf2 Qc2+ 49. Kf3 Qb3+ 50. Ke4 Qc2+ 51. Kd5 Qxg2+ 52. Kc5 Qxh3 53. a5 Qc8+ 54. Kb6 Qb8+ 55. Kc6 Qa8+ 56. Kb5 Qb7+ 57. Qb6 Qd5+ 58. Qc5 Qb7+ 59. Qb6 Qd5+ 60. Kb4 Qe4+ 61. Kc5 Qe5+ 62. Kc6 Qe4+ 63. Kc7 Qe7+ 64. Kb8 Qe5+ 65. Qc7 Qb5+ 66. Kc8 Qa6+ 67. Kd8 Qa8+ 68. Kd7 Qd5+ 69. Kc8 Qa8+ 70. Kd7 Qd5+ 71. Ke7 Qe4+ 72. Kd6 Qd4+ 73. Kc6 Qc4+ 74. Kb7 Qb5+ 75. Qb6 Qd7+ 76. Ka6 Qd3+ 77. Ka7 Qd7+ 78. Ka8 Qd5+ 79. Kb8 Qe5+ 80. Qc7 Qb5+ 81. Ka8 Qd5+ 82. Ka7 Qd4+ 83. Qb6 Qd7+ 84. Kb8 Qe8+ 85. Ka7 Qd7+ 1/2-1/2

[Event "Titled Tuesday intern op 12th Sep Early"]
[Site "Chess.com INT"]
[Date "2023.09.12"]
[Round "4"]
[White "Zheenbekov, Nurgazi"]
[Black "Frolyanov, Dmitry"]
[Result "0-1"]
[WhiteElo "2060"]
[BlackElo "2485"]
[PlyCount "74"]
[EventDate "2023.09.12"]
[EventType "swiss (blitz)"]
[EventRounds "11"]
[EventCountry "USA"]
[SourceTitle "EXT 2024"]
[Source "ChessBase"]
[SourceDate "2023.10.10"]
[SourceVersion "1"]
[SourceVersionDate "2023.10.10"]
[SourceQuality "1"]

1. e4 e5 2. Nf3 Nf6 3. d4 Nxe4 4. Bd3 Nc6 5. Bxe4 d5 6. Bd3 e4 7. Be2 exf3 8. Bxf3 Be7 9. 0-0 0-0 10. c3 Bf6 11. Bf4 Ne7 12. Nd2 c6 13. Re1 Ng6 14. Bg3 Nh4 15. Be2 Nf5 16. Bf4 Bg5 17. Be5 Nd6 18. Nf3 Ne4 19. Nxg5 Qxg5 20. Bd3 Bh3 21. g3 Rfe8 22. Bf4 Qf6 23. Qc2 g5 24. Be5 Qf3 25. Bf1 Bxf1 26. Rxf1 f6 27. Bc7 Rac8 28. Ba5 g4 29. Qd1 Ng5 30. Qxf3 Nxf3+ 31. Kg2 Re2 32. b3 Rce8 33. Bc7 Nd2 34. Rfd1 Ne4 35. Rf1 Nxc3 36. Bf4 Nb5 37. Be3 R8xe3 0-1

[Event "Titled Tuesday intern op 05th Sep Early"]
[Site "Chess.com INT"]
[Date "2023.09.05"]
[Round "6"]
[White "Larina, Marija"]
[Black "Zheenbekov, Nurgazi"]
[Result "0-1"]
[WhiteElo "1948"]
[BlackElo "2060"]
[PlyCount "100"]
[EventDate "2023.09.05"]
[EventType "swiss (blitz)"]
[EventRounds "11"]
[EventCountry "USA"]
[SourceTitle "EXT 2024"]
[Source "ChessBase"]
[SourceDate "2023.10.10"]
[SourceVersion "1"]
[SourceVersionDate "2023.10.10"]
[SourceQuality "1"]

1. e4 e5 2. Nf3 Nc6 3. Nc3 Nf6 4. Bb5 Bb4 5. 0-0 0-0 6. d3 Bxc3 7. bxc3 d6 8. Nd2 Ne7 9. d4 Ng6 10. dxe5 dxe5 11. Ba3 Ne7 12. Qe2 c6 13. Ba4 Qc7 14. c4 c5 15. Bb2 Be6 16. Nf3 Ng6 17. Rad1 Rad8 18. g3 Bg4 19. Qe3 b6 20. c3 h6 21. Bc2 Rxd1 22. Rxd1 Rd8 23. Rd3 Rxd3 24. Qxd3 Nf8 25. Kg2 Bxf3+ 26. Qxf3 Ne6 27. Bc1 h5 28. Qf5 Qd7 29. h3 Qd6 30. Bh6 gxh6 31. h4 Kg7 32. Kh3 Qd2 33. Qxe5 Qxc2 34. Qf5 Qxe4 35. Qxe4 Nxe4 36. f3 Nxc3 37. g4 Nxa2 38. gxh5 a6 39. Kg4 b5 40. Kf5 bxc4 41. Ke5 c3 42. f4 c2 43. f5 c1Q 44. fxe6 Qe3+ 45. Kd6 Qxe6+ 46. Kxc5 Nc3 47. Kd4 Qd5+ 48. Kxc3 a5 49. Kb2 a4 50. Ka3 Qb3# 0-1

[Event "Titled Tuesday intern op 05th Sep Early"]
[Site "Chess.com INT"]
[Date "2023.09.05"]
[Round "2"]
[White "Vlassov, Nikolai"]
[Black "Zheenbekov, Nurgazi"]
[Result "0-1"]
[WhiteElo "2283"]
[BlackElo "2060"]
[PlyCount "78"]
[EventDate "2023.09.05"]
[EventType "swiss (blitz)"]
[EventRounds "11"]
[EventCountry "USA"]
[SourceTitle "EXT 2024"]
[Source "ChessBase"]
[SourceDate "2023.10.10"]
[SourceVersion "1"]
[SourceVersionDate "2023.10.10"]
[SourceQuality "1"]

1. e4 e5 2. Bc4 Nf6 3. d3 Bc5 4. Nf3 d6 5. Bg5 h6 6. Bh4 0-0 7. Nc3 c6 8. h3 Re8 9. 0-0 Nbd7 10. Re1 Nf8 11. d4 exd4 12. Nxd4 Ng6 13. Bg3 a5 14. Nb3 Bb4 15. a3 Bxc3 16. bxc3 Ne5 17. Bf1 Qc7 18. Nd4 Qb6 19. Kh1 Qc5 20. f4 Ng6 21. Qf3 d5 22. exd5 Rxe1 23. Rxe1 cxd5 24. f5 Nf8 25. Be5 Ne4 26. c4 f6 27. Nb3 Qxa3 28. Bd4 Bxf5 29. g4 Bg6 30. cxd5 Re8 31. Bc4 Kh7 32. Bd3 Qb4 33. Rxe4 Rxe4 34. Bxe4 Qe1+ 35. Kh2 Bxe4 36. Qe3 Qh1+ 37. Kg3 Qg2+ 38. Kh4 g5+ 39. Kh5 Bg6# 0-1

[Event "Titled Tuesday intern op 05th Sep Early"]
[Site "Chess.com INT"]
[Date "2023.09.05"]
[Round "3"]
[White "Zheenbekov, Nurgazi"]
[Black "Arat, Ufuk Sezen"]
[Result "0-1"]
[WhiteElo "2060"]
[BlackElo "2381"]
[PlyCount "92"]
[EventDate "2023.09.05"]
[EventType "swiss (blitz)"]
[EventRounds "11"]
[EventCountry "USA"]
[SourceTitle "EXT 2024"]
[Source "ChessBase"]
[SourceDate "2023.10.10"]
[SourceVersion "1"]
[SourceVersionDate "2023.10.10"]
[SourceQuality "1"]

1. e4 c5 2. Nf3 e6 3. g3 d5 4. exd5 exd5 5. Bg2 Nc6 6. 0-0 Nf6 7. d4 cxd4 8. Re1+ Be7 9. Nxd4 Bg4 10. Qd3 0-0 11. Nd2 Qb6 12. N2b3 Rfe8 13. Be3 Qc7 14. Bf4 Bd6 15. Nb5 Bxf4 16. Nxc7 Bxc7 17. h3 Bh5 18. Nd4 Bg6 19. Qd2 Ne4 20. Bxe4 Bxe4 21. Nxc6 bxc6 22. b3 Re6 23. c4 Rae8 24. cxd5 cxd5 25. Rac1 Bb6 26. Kh2 Rf6 27. f4 g5 28. b4 gxf4 29. gxf4 Kf8 30. a4 a6 31. b5 axb5 32. axb5 Rfe6 33. Rc6 Rxc6 34. bxc6 Bc7 35. Kg3 Re6 36. Qb4+ Kg7 37. Qd4+ Kh6 38. Rc1 Rg6+ 39. Kf2 Rg2+ 40. Kf1 Kg6 41. Ra1 Bxf4 42. c7 Bxc7 43. Ra6+ Kh5 44. Qd1+ Kh4 45. Rh6+ Kg3 46. Qe1+ Kh2 0-1

[Event "Titled Tuesday intern op 05th Sep Early"]
[Site "Chess.com INT"]
[Date "2023.09.05"]
[Round "1"]
[White "Zheenbekov, Nurgazi"]
[Black "Weetik, Vjacheslav"]
[Result "0-1"]
[WhiteElo "2060"]
[BlackElo "2423"]
[PlyCount "34"]
[EventDate "2023.09.05"]
[EventType "swiss (blitz)"]
[EventRounds "11"]
[EventCountry "USA"]
[SourceTitle "EXT 2024"]
[Source "ChessBase"]
[SourceDate "2023.10.10"]
[SourceVersion "1"]
[SourceVersionDate "2023.10.10"]
[SourceQuality "1"]

1. e4 c6 2. d4 d5 3. Nc3 dxe4 4. Nxe4 Bf5 5. Ng3 Bg6 6. Nf3 e6 7. Bc4 Nd7 8. 0-0 Ngf6 9. Qe2 Bd6 10. Ne5 0-0 11. Bg5 Qc7 12. Rfe1 c5 13. Nxg6 hxg6 14. dxc5 Nxc5 15. Rad1 Bf4 16. Bxf4 Qxf4 17. Qe5 Qxc4 0-1

[Event "Titled Tuesday intern op 25th Jul Early"]
[Site "Chess.com INT"]
[Date "2023.07.25"]
[Round "8"]
[White "Kiseleva, Arina"]
[Black "Zheenbekov, Nurgazi"]
[Result "1-0"]
[WhiteElo "1962"]
[BlackElo "2026"]
[PlyCount "83"]
[EventDate "2023.07.25"]
[EventType "swiss (blitz)"]
[EventRounds "11"]
[EventCountry "USA"]
[SourceTitle "EXT 2024"]
[Source "ChessBase"]
[SourceDate "2023.10.10"]
[SourceVersion "1"]
[SourceVersionDate "2023.10.10"]
[SourceQuality "1"]

1. d4 c5 2. e3 Nf6 3. Nf3 cxd4 4. exd4 g6 5. h3 Bg7 6. Bd3 0-0 7. c3 d5 8. 0-0 Nc6 9. Re1 Bf5 10. Bxf5 gxf5 11. Bf4 e6 12. Ne5 Ne4 13. Nd2 Nxe5 14. Bxe5 Bxe5 15. dxe5 Qb6 16. Nxe4 dxe4 17. Qh5 Kh8 18. Re3 Rg8 19. Qxf7 Raf8 20. Qe7 f4 21. Rxe4 Rf5 22. Rd1 Rfg5 23. Qf6+ R5g7 24. Rxf4 Qc7 25. Rg4 a6 26. Rxg7 Qxg7 27. Rd7 Qxf6 28. exf6 Rf8 29. f7 Kg7 30. Rxb7 Rd8 31. Ra7 Rd2 32. b4 Rxa2 33. b5 Rc2 34. bxa6 Rxc3 35. Rb7 Ra3 36. a7 Ra2 37. Kh2 e5 38. Kg3 h6 39. Kf3 h5 40. Ke4 Ra5 41. f8Q+ Kxf8 42. Rb8+ 1-0

[Event "Titled Tuesday intern op 25th Jul Early"]
[Site "Chess.com INT"]
[Date "2023.07.25"]
[Round "4"]
[White "Smietanska, Wiktoria"]
[Black "Zheenbekov, Nurgazi"]
[Result "1-0"]
[WhiteElo "1964"]
[BlackElo "2026"]
[PlyCount "79"]
[EventDate "2023.07.25"]
[EventType "swiss (blitz)"]
[EventRounds "11"]
[EventCountry "USA"]
[SourceTitle "EXT 2024"]
[Source "ChessBase"]
[SourceDate "2023.10.10"]
[SourceVersion "1"]
[SourceVersionDate "2023.10.10"]
[SourceQuality "1"]

1. c4 e5 2. Nc3 Nf6 3. Nf3 Nc6 4. e4 Bc5 5. Nxe5 Nxe5 6. d4 Bxd4 7. Qxd4 d6 8. Bg5 h6 9. Bh4 Be6 10. 0-0-0 g5 11. Bg3 Nc6 12. Qd2 Qe7 13. f3 0-0-0 14. Nd5 Bxd5 15. cxd5 Ne5 16. Qa5 Kb8 17. Bf2 b6 18. Qa6 Qd7 19. Bb5 Qc8 20. Qa4 a5 21. b4 axb4 22. Qxb4 Qb7 23. Kb1 Nfd7 24. Bd4 Nc5 25. Qb2 f6 26. Ka1 Ka7 27. Bxc5 dxc5 28. Qa3+ Kb8 29. g3 Qa7 30. Qc3 Nf7 31. Qxf6 Nd6 32. Bc6 Rhf8 33. Qc3 b5 34. Rb1 b4 35. Qe3 Qb6 36. Rhc1 Kc8 37. Qxc5 Qxc5 38. Rxc5 Rf4 39. gxf4 gxf4 40. Ra5 1-0

[Event "Titled Tuesday intern op 25th Jul Early"]
[Site "Chess.com INT"]
[Date "2023.07.25"]
[Round "9"]
[White "Zheenbekov, Nurgazi"]
[Black "Pironti, Francisco Ferrari"]
[Result "0-1"]
[WhiteElo "2026"]
[BlackElo "1959"]
[PlyCount "84"]
[EventDate "2023.07.25"]
[EventType "swiss (blitz)"]
[EventRounds "11"]
[EventCountry "USA"]
[SourceTitle "EXT 2024"]
[Source "ChessBase"]
[SourceDate "2023.10.10"]
[SourceVersion "1"]
[SourceVersionDate "2023.10.10"]
[SourceQuality "1"]

1. e4 c5 2. Nf3 d6 3. c3 Nf6 4. Be2 Nc6 5. 0-0 e6 6. d4 cxd4 7. cxd4 Be7 8. Nc3 0-0 9. h3 a6 10. Bg5 b5 11. Rc1 Bb7 12. e5 dxe5 13. dxe5 Nd7 14. Bf4 Nc5 15. Qc2 Nb4 16. Qb1 Nbd3 17. Rcd1 Nxf4 18. Rxd8 Nxe2+ 19. Nxe2 Rfxd8 20. Ned4 Be4 21. Qd1 Nd3 22. Qe2 Bg6 23. Nc6 Rd7 24. Nxe7+ Rxe7 25. Nh4 Rd8 26. Nxg6 hxg6 27. a4 Red7 28. axb5 axb5 29. Ra1 Rd5 30. Ra7 Rxe5 31. Qf3 Rf5 32. Qe3 Nxf2 33. Kh2 Rd1 34. Ra8+ Kh7 35. Qa7 Rh1+ 36. Kg3 Ne4+ 37. Kg4 g5 38. Rh8+ Kxh8 39. Qa8+ Kh7 40. Qxe4 Kh6 41. g3 Rf4+ 42. gxf4 f5+ 0-1

[Event "Issykkul op"]
[Site "Korumdu"]
[Date "2023.07.19"]
[Round "9"]
[White "Zheenbekov, Nurgazi"]
[Black "Degenbaev, Aziz"]
[Result "0-1"]
[WhiteElo "2026"]
[BlackElo "2151"]
[PlyCount "64"]
[EventDate "2023.07.12"]
[EventType "swiss"]
[EventRounds "10"]
[EventCountry "KGZ"]
[SourceTitle "CBM 215 Extra"]
[Source "ChessBase"]
[SourceDate "2023.09.30"]
[SourceVersion "1"]
[SourceVersionDate "2023.09.30"]
[SourceQuality "1"]

1. d4 Nf6 2. c4 g6 3. Nc3 Bg7 4. g3 c5 5. d5 0-0 6. Bg2 d6 7. e4 e6 8. Nge2 exd5 9. exd5 Re8 10. 0-0 a6 11. h3 Nbd7 12. g4 Ne5 13. b3 b5 14. Bf4 bxc4 15. Bxe5 Rxe5 16. bxc4 h5 17. g5 Rxg5 18. f4 Rf5 19. Ng3 h4 20. Nxf5 Bxf5 21. Kh2 Rb8 22. Qe2 Nh5 23. Qd2 Nxf4 24. Rxf4 Qg5 25. Raf1 Qg3+ 26. Kh1 Bxc3 27. Qf2 Be5 28. Qxg3 hxg3 29. Rxf5 gxf5 30. Rxf5 Rb2 31. a3 Rc2 32. Rg5+ Kf8 0-1